Kraje z metrem - Statystyki

Ogólne statystyki
  • Ten quiz został rozwiązany 890 razy
    390 od ostatniego zresetowania
  • Średni wynik to 50 z 61
Statystyki odpowiedzi
Lp Rok otwarcia Miasta z metrem Kontynent Odpowiedź % Poprawnych
40 1995 1 Europa Polska
98%
55 1895 12 Ameryka Płn Stany Zjednoczone
95%
2 1913 1 Ameryka Płd Argentyna
94%
9 1974 7 Ameryka Płd Brazylia
94%
13 1971 46 Azja Chiny
94%
20 1977 6 Europa Francja
94%
29 1927 10 Azja Japonia
94%
44 1935 7 Azja/Europa Rosja
94%
4 2019 1 Australia i Oceania Australia
93%
11 1954 3 Ameryka Płn Kanada
93%
22 1902 4 Europa Niemcy
93%
54 1890 3 Europa Wielka Brytania
92%
15 1974 1 Europa Czechy
91%
47 1950 1 Europa Szwecja
91%
18 1987 1 Afryka Egipt
90%
46 1924 3 Europa Hiszpania
90%
34 1969 2 Ameryka Płn Meksyk
90%
36 1966 1 Europa Norwegia
90%
41 1959 1 Europa Portugalia
90%
28 1955 7 Europa Włochy
90%
8 1976 1 Europa Belgia
89%
25 1984 15 Azja Indie
89%
52 1960 3 Europa Ukraina
89%
19 1982 1 Europa Finlandia
88%
51 1989 5 Azja/Europa Turcja
88%
5 1976 1 Europa Austria
87%
12 1975 1 Ameryka Płd Chile
86%
35 1968 2 Europa Holandia
86%
31 1974 6 Azja Korea Południowa
86%
16 2002 1 Europa Dania
84%
23 1904 1 Europa Grecja
84%
14 1995 1 Ameryka Płd Kolumbia
84%
48 2008 1 Europa Szwajcaria
84%
26 2019 1 Azja/Oceania Indonezja
82%
43 1979 1 Europa Rumunia
82%
24 1896 1 Europa Węgry
82%
57 1983 1 Ameryka Płd Wenezuela
81%
7 1984 1 Europa Białoruś
79%
10 1998 1 Europa Bułgaria
79%
27 1999 6 Azja Iran
79%
38 2011 1 Ameryka Płd Peru
79%
1 2011 1 Afryka Algieria
78%
30 2011 1 Azja/Europa Kazachstan
78%
50 1999 1 Azja Tajlandia
77%
59 2021 1 Azja Wietnam
77%
53 2009 1 Azja Zjednoczone Emiraty Arabskie
77%
32 1973 1 Azja Korea Północna
75%
21 1966 1 Azja Gruzja
71%
58 2020 1 Azja Pakistan
70%
3 1981 1 Azja Armenia
69%
6 1967 1 Azja Azerbejdżan
68%
45 1987 1 Azja Singapur
68%
33 1996 1 Azja Malezja
67%
42 2019 1 Azja Katar
65%
61 2023 1 Afryka Nigeria
63%
17 2009 1 Ameryka Płn Dominikana
62%
39 1984 1 Azja Filipiny
61%
37 2014 1 Ameryka Płd Panama
61%
49 1996 4 Azja Tajwan
61%
56 1977 1 Azja Uzbekistan
58%
60 2022 1 Azja Bangladesz
56%
Nie znaleziono quizów pasujących do podanych kryteriów
Rozkład punktacji
Procent ludzi z każdym wynikiem
Percentyl według liczby udzielonych odpowiedzi
Twoja historia wyników
Nie rozwiązałeś tego quizu od ostatniego zresetowania